000 00657nam a22002177a 4500
003 UA-OsUOA
001 77282
007 ta
008 20110906b un ||||| |||| 00| 0 ukr d
100 _aЕвдокимов Я.Ю.
090 _a159
_bЕ15
942 _cSA
040 _aUA-OsUOA
_brus
_cUA-OsUOA
_dUA-OsUOA
245 _aПсихософия с точки зрения системного подхода
300 _aС.77-81
955 _a0
041 _arus
080 _a159
773 0 _w77280
_tСоционика, ментология и психология личности
_dК.
_d2011
_g3
650 7 _a1 Філософські науки
_2UDC
999 _c363587
_d363587